logo

Bir Sreshtho Munshi Abdur Rouf Library
Jhenaidah Cadet College

রচনা সমগ্র- ৫ / (Record no. 1052)

MARC details
000 -LEADER
fixed length control field 00728nam a22002417a 4500
001 - CONTROL NUMBER
JCCL Control Number 1052
003 - CONTROL NUMBER IDENTIFIER
JCCL marc code BD-JhCC
005 - DATE AND TIME OF LATEST TRANSACTION
control field 20171015110044.0
008 - FIXED-LENGTH DATA ELEMENTS--GENERAL INFORMATION
fixed length control field 171014s2011 bg a|||| ||a| 00| 0 ben d
020 ## - INTERNATIONAL STANDARD BOOK NUMBER
International Standard Book Number 9879845020053
035 ## - SYSTEM CONTROL NUMBER
system control number (BD-JhCC)1052
040 ## - CATALOGING SOURCE
Original cataloging agency BD-JhCC
Modifying agency BD-JhCC
041 ## - LANGUAGE CODE
Language code of Book ben
082 ## - DEWEY DECIMAL CLASSIFICATION NUMBER
Classification number 891.4409
Author mark and Year SAI 2011
100 ## - MAIN ENTRY--PERSONAL NAME
Personal name সায়ীদ,আবদুল্লাহ আবু
245 ## - TITLE STATEMENT
Title রচনা সমগ্র- ৫ /
Statement of responsibility, etc আবদুল্লাহ আবু সায়ীদ
260 ## - PUBLICATION, DISTRIBUTION, ETC. (IMPRINT)
Place of publication, distribution, etc ঢাকা :
Name of publisher, distributor, etc অন্য প্রকাশ,
Date of publication, distribution, etc 2011
300 ## - PHYSICAL DESCRIPTION
Pagination 336 p. :
Dimensions 24 cm.
490 ## - SERIES STATEMENT
Series statement 5
650 ## - SUBJECT ADDED ENTRY--TOPICAL TERM
Topical term or geographic name as entry element Bengali Literature
General subdivision Collective of essays
942 ## - ADDED ENTRY ELEMENTS (KOHA)
Source of classification or shelving scheme Dewey Decimal Classification
Koha item type Books
Holdings
Source of classification or shelving scheme Damaged status Not for loan Home library Current library Date of accession Cost, normal purchase price Total Checkouts Full call number Barcode Date last seen Date checked out Copy number Koha item type volume number Shelving location Method of acquisition Currency
Dewey Decimal Classification     JCC Rouf Library JCC Rouf Library 10/14/2017 500.00 1 891.4409 SAI 2011 2000 02/04/2023 10/27/2022 C-1 Books        
Dewey Decimal Classification     JCC Rouf Library JCC Rouf Library   500.00 1 891.4409 SAI 2011 19541 07/20/2025 07/13/2025 C-1 Books V-6 General Stacks Purchase BDT

JCC Library | Contacts | JCC Home

Last Update on 23 September 2017
Copyright @ 2017-2020 JCC Rouf Library
Rouf Library, Jhenidah Cadet College (JCC), Bangladesh